000 00317nam a2200133 i 4500
001 bg
100 1 _aSCHOEPP, Konrad
245 0 _aElektromagnetyczny moment obrotowy /
_cKonrad Schoepp.
260 _aWrocław,
_c1979.
040 _cBPK
041 _apol
942 _cKS
008 s pl f |000 0 pol
999 _c18780
_d18780
856 _uhttp://koha.tu.koszalin.pl/cgi-bin/koha/opac-detail.pl?biblionumber=18780
_yKatalog online BPK